000 011870000a22002890004500
003 EG-GICUC
005 20250223030034.0
008 090827s1996 ua dh f m 000 0 eng d
040 _aEG-GiCUC
_beng
_cEG-GiCUC
041 0 _aeng
049 _aDeposite
097 _aPh.D
099 _aCai01.11.31.Ph.D.1996.Hu.D
100 0 _aHussain Mohamed Omar
245 1 0 _aDose escalation in accelerated hyperfractionation for advanced head and neck cancer /
_cHussain Mohamed Omar ; Supervised Shawky Elhaddad , Maged Elshenawy , Ehsan Elghoneimy
246 1 5 _aالتدرج التصاعدى لجرعات العلاج الاشعاعى المكثف فى اورام الرأس والعنق المتقدمة
260 _aCairo :
_bHussain Mohamed Omar ,
_c1996
300 _a179 Leaves :
_bcharts , facsimiles ;
_c30cm
502 _aThesis(Ph.D.) - Cairo University - Faculty of Medicine - Department of Radio-diagnosis
700 0 _aEhsan Elghoneimy ,
_eSupervisor
700 0 _aMaged Elshenawy ,
_eSupervisor
700 0 _aShawky Elhaddad ,
_eSupervisor
856 _uhttp://172.23.153.220/th.pdf
905 _aNazla
_eRevisor
905 _aReda
_eCataloger
942 _2ddc
_cTH
999 _c26102
_d26102